LEADER 01376nam a2200217 i 4500 001 000000110032 003 CaOOAMICUS 005 20021119000000.0 008 021119s1585 it u000 u lat u 013 $a82713 040 $aSeMil$bita 100 0 $aGranada, Luis : de ,$c.$0(OLS)http://semarc/name/6103 245 10$aConciones :$btomus primus : De tempore, quod est a prima Dominica Adventus, usque ad Quadragesimae initium. 260 $aMilano :$bEx Typ. Michaëlis Tini,$c1585. 300 $a21 x 16 ;$c[2] c., + [126] p., + 1 c., + 1012 p., + [3] c. ;$ccaratteri romani. 500 $aScritte a penna sul front. - Pagine ingiallite. - Macchie di umidità sul labbro destro. - pp. 752-820 bucate dal tarlo. - Descrizione da : Incunaboli e Cinquecentine della Biblioteca del Seminario di Milano / catalogo a cura di Ubaldo Valentini, Appendice V, (pubblicata in La Scuola Cattolica n. 131, Anno 2003, pp.351-375). - Numero di catalogo : 1796. 650 4$aCinquecentine.$0(OLS)http://semarc/subject/1297 850 $aSeMil 852 $aSeMil$W1$xVenegono$y1$mFV.F II 25$j65956$B65956$CSeMilBibl$Z2$F73065 $86 996 $6245$aConciones :$btomus primus : De tempore, quod est a prima Dominica Adventus, usque ad Quadragesimae initium$9(OLS)http://semarc/title/159878 996 $6260$aMilano :$bEx Typ. Michaëlis Tini$9(OLS)http://semarc/publisher/45065 LEADER 00817nam a2200193 i 4500 001 000000011048 003 CaOOAMICUS 005 20180830125440.0 008 180830s1966 it u000 u ita u 040 $aSeMil$bita 100 1 $aWelty, Eberhard .$0(OLS)http://semarc/name/2056 240 10$aHerders Sozialkatechismus.$0(OLS)http://semarc/title/14605 245 10$aCatechismo sociale /$cEberhard Welty o.p. 260 $aFrancavilla a M. (Chieti) :$bPaoline,$ccopyr. 1966. 300 $av. ;$c23 cm. 650 4$aCatechismo della Chiesa Cattolica.$0(OLS)http://semarc/subject/12084 650 4$aEtica sociale - Manuali.$0(OLS)http://semarc/subject/970 996 $6245$aCatechismo sociale$9(OLS)http://semarc/title/14604 996 $6260$aFrancavilla a M. (Chieti) :$bPaoline$9(OLS)http://semarc/publisher/33041